Winning Like Sourav Think & Succeed Like Ganguly (Record no. 12766)

MARC details
000 -LEADER
fixed length control field 00284nam a22000977a 4500
008 - FIXED-LENGTH DATA ELEMENTS--GENERAL INFORMATION
fixed length control field 250708b |||||||| |||| 00| 0 eng d
020 ## - INTERNATIONAL STANDARD BOOK NUMBER
International Standard Book Number 9789353041069
100 ## - MAIN ENTRY--PERSONAL NAME
Personal name Bhattacharya Abhirup
9 (RLIN) 7820
245 ## - TITLE STATEMENT
Title Winning Like Sourav Think & Succeed Like Ganguly
260 ## - PUBLICATION, DISTRIBUTION, ETC. (IMPRINT)
Place of publication, distribution, etc. New Delhi
Name of publisher, distributor, etc. Rupa
Date of publication, distribution, etc. 2018
Holdings
Withdrawn status Lost status Source of classification or shelving scheme Damaged status Koha normalized classification for sorting Not for loan Home library Current library Shelving location Date acquired Total Checkouts Full call number Barcode Date last seen Price effective from Koha item type
    Dewey Decimal Classification   BHA_920_000000000000000   Good Samaritan School Library Good Samaritan School Library Biography 07/08/2025   BHA920 BHA17853 07/08/2025 07/08/2025 BOOK

Powered by Koha